THEORY AND PRACTICE OF OPTICS AND REFRACTION (Record no. 44575)
[ view plain ]
| 000 -LEADER | |
|---|---|
| fixed length control field | 00441nam a22001817a 4500 |
| 003 - CONTROL NUMBER IDENTIFIER | |
| control field | OSt |
| 005 - DATE AND TIME OF LATEST TRANSACTION | |
| control field | 20240409144806.0 |
| 008 - FIXED-LENGTH DATA ELEMENTS--GENERAL INFORMATION | |
| fixed length control field | 181103b xxu||||| |||| 00| 0 eng d |
| 020 ## - INTERNATIONAL STANDARD BOOK NUMBER | |
| International Standard Book Number | 8131249158 |
| 040 ## - CATALOGING SOURCE | |
| Transcribing agency | IIMT UNIVERSITY |
| 100 ## - MAIN ENTRY--PERSONAL NAME | |
| Personal name | DR.AK KHURANA |
| 245 ## - TITLE STATEMENT | |
| Title | THEORY AND PRACTICE OF OPTICS AND REFRACTION |
| 250 ## - EDITION STATEMENT | |
| Edition statement | 4 ED |
| 260 ## - PUBLICATION, DISTRIBUTION, ETC. | |
| Place of publication, distribution, etc. | ELSEVIER PUB |
| 300 ## - PHYSICAL DESCRIPTION | |
| Extent | 526 |
| 887 ## - NON-MARC INFORMATION FIELD | |
| Source of data | BANSAL BOOK DIST |
| 942 ## - ADDED ENTRY ELEMENTS (KOHA) | |
| Source of classification or shelving scheme | |
| Koha item type | Book Bank |
| Edition | 4 ED |
| Withdrawn status | Lost status | Source of classification or shelving scheme | Damaged status | Not for loan | Home library | Current library | Date acquired | Source of acquisition | Cost, normal purchase price | Inventory number | Total Checkouts | Total Renewals | Barcode | Date last seen | Date last checked out | Uniform Resource Identifier | Price effective from | Koha item type |
|---|---|---|---|---|---|---|---|---|---|---|---|---|---|---|---|---|---|---|
| IIMT University Central Library Meerut | IIMT University Central Library Meerut | 11/02/2018 | BANSAL BOOK DIST | 1100.00 | 6499 | 1 | 1 | 01-B-127748 | 07/05/2019 | 01/17/2019 | OPTICS | 11/03/2018 | Reference Book |

